Dictionnaire des oeuvres littéraires du Québec / (Record no. 15761)

MARC details
000 -LEADER
campo de control de longitud fija 00791nam a2200229 i 4500
001 - NÚMERO DE CONTROL
campo de control 15761
003 - IDENTIFICADOR DE NÚMERO DE CONTROL
campo de control ES-MaACL
005 - FECHA Y HORA DE LA ÚLTIMA TRANSACCIÓN
campo de control 20230906151139.0
007 - CAMPO FIJO DE DESCRIPCIÓN FÍSICA--INFORMACIÓN GENERAL
campo de control de longitud fija t|
008 - DATOS DE LONGITUD FIJA--INFORMACIÓN GENERAL
campo de control de longitud fija 000505m19801987xxc ||||1| fre d
020 ## - NÚMERO INTERNACIONAL ESTÁNDAR DEL LIBRO
Número Internacional Estándar del Libro 2-7621-1190-0
080 ## - NÚMERO DE LA CLASIFICACIÓN DECIMAL UNIVERSAL
Número de la Clasificación Decimal Universal 821.133.1(71)(038)
245 00 - MENCIÓN DEL TÍTULO
Título Dictionnaire des oeuvres littéraires du Québec /
Mención de responsabilidad, etc. sous la direction de Maurice Lemire.
260 ## - PUBLICACIÓN, DISTRIBUCIÓN, ETC.
Lugar de publicación, distribución, etc. Montréal :
Nombre del editor, distribuidor, etc. Fides,
Fecha de publicación, distribución, etc. 1980-1987.
300 ## - DESCRIPCIÓN FÍSICA
Extensión 5 v. ;
Dimensiones 25 cm.
500 ## - NOTA GENERAL
Nota general Bibliografía.
500 ## - NOTA GENERAL
Nota general Indices.
505 8# - NOTA DE CONTENIDO CON FORMATO
Nota de contenido con formato Contiene: t. 1. Des origines áa 1900 -- t. 2. 1900-1939 -- t. 3. 1940-1959 -- t. 4. 1960-1969 -- t. 5. 1970-1975.
650 14 - PUNTO DE ACCESO ADICIONAL DE MATERIA--TÉRMINO DE MATERIA
Término de materia o nombre geográfico como elemento de entrada Literatura canadiense (Francés)-
Subdivisión de forma Diccionarios.
9 (RLIN) 14513
700 1# - ENTRADA AGREGADA--NOMBRE PERSONAL
Nombre de persona Lemire, Maurice.
9 (RLIN) 71476
852 ## - LOCALIZACIÓN
Ubicación ES-MaACL
Número de control de estantería L-22918-22
Sublocalización o colección R.116789
Holdings
Estatus retirado Estado de pérdida Estado de daño No para préstamo Biblioteca de origen Biblioteca actual Ubicación en estantería Fecha de adquisición Fuente de adquisición Total de préstamos Signatura topográfica completa Código de barras Visto por última vez Precio de reemplazo Tipo de ítem Koha
        Biblioteca del Ateneo de Madrid Biblioteca del Ateneo de Madrid Depósito 2 17/01/2008     L-22918-22 1016020 23/02/2023 23/02/2023 Libro impreso